<?xml version="1.0" encoding="UTF-8"?>
<record
    xmlns:xsi="http://www.w3.org/2001/XMLSchema-instance"
    xsi:schemaLocation="http://www.loc.gov/MARC21/slim http://www.loc.gov/standards/marcxml/schema/MARC21slim.xsd"
    xmlns="http://www.loc.gov/MARC21/slim">

  <leader>00692nam a2200205   4500</leader>
  <controlfield tag="001">86496</controlfield>
  <controlfield tag="003">BD-RjUL</controlfield>
  <controlfield tag="005">20260517155543.0</controlfield>
  <controlfield tag="008">260517s1955    ii ||||| |||| 00| 0 urd d</controlfield>
  <datafield tag="035" ind1=" " ind2=" ">
    <subfield code="a">(BD-RjUL)86496</subfield>
  </datafield>
  <datafield tag="040" ind1=" " ind2=" ">
    <subfield code="a">BD-RjUL</subfield>
    <subfield code="b">eng</subfield>
    <subfield code="c">BD-RjUL</subfield>
  </datafield>
  <datafield tag="041" ind1=" " ind2=" ">
    <subfield code="a">urd</subfield>
  </datafield>
  <datafield tag="082" ind1=" " ind2=" ">
    <subfield code="2">23</subfield>
    <subfield code="a">297.273 </subfield>
    <subfield code="b">AHM 1955</subfield>
  </datafield>
  <datafield tag="100" ind1=" " ind2=" ">
    <subfield code="a">&#x627;&#x62D;&#x645;&#x62F;,&#x634;&#x6CC;&#x62E; &#x645;&#x62D;&#x645;&#x648;&#x62F; ;; Ahmed, Sheikh Mahmud</subfield>
    <subfield code="9">18503</subfield>
  </datafield>
  <datafield tag="245" ind1="1" ind2="0">
    <subfield code="a">&#x645;&#x633;&#x626;&#x644;&#x6C1; &#x632;&#x645;&#x6CC;&#x646; &#x627;&#x648;&#x631; &#x627;&#x633;&#x644;&#x627;&#x645; / Mas&#x2BE;alah-i zam&#x12B;n aur isl&#x101;m /</subfield>
    <subfield code="c">&#x634;&#x6CC;&#x62E; &#x645;&#x62D;&#x645;&#x648;&#x62F; &#x627;&#x62D;&#x645;&#x62F;,  / &#x160;aikh Ma&#x1E25;m&#x16B;d A&#x1E25;mad</subfield>
  </datafield>
  <datafield tag="264" ind1=" " ind2=" ">
    <subfield code="a">Lahore :</subfield>
    <subfield code="b">adarah saqafat islamiah, </subfield>
    <subfield code="c">1955</subfield>
  </datafield>
  <datafield tag="300" ind1=" " ind2=" ">
    <subfield code="a">234 p. ;</subfield>
    <subfield code="c">19 cm</subfield>
  </datafield>
  <datafield tag="650" ind1=" " ind2=" ">
    <subfield code="a"> Islamic law concerning property</subfield>
    <subfield code="9">18504</subfield>
  </datafield>
  <datafield tag="942" ind1=" " ind2=" ">
    <subfield code="2">ddc</subfield>
    <subfield code="c">BK</subfield>
  </datafield>
  <datafield tag="999" ind1=" " ind2=" ">
    <subfield code="c">86496</subfield>
    <subfield code="d">86496</subfield>
  </datafield>
  <datafield tag="952" ind1=" " ind2=" ">
    <subfield code="0">0</subfield>
    <subfield code="1">0</subfield>
    <subfield code="2">ddc</subfield>
    <subfield code="4">0</subfield>
    <subfield code="7">1</subfield>
    <subfield code="8">NFIC</subfield>
    <subfield code="a">RUCL</subfield>
    <subfield code="b">RUCL</subfield>
    <subfield code="c">Reading</subfield>
    <subfield code="d">2026-05-17</subfield>
    <subfield code="l">0</subfield>
    <subfield code="o">U 297.273  AHM 1955</subfield>
    <subfield code="r">2026-05-17 15:55:05</subfield>
    <subfield code="t">C-1</subfield>
    <subfield code="w">2026-05-17</subfield>
    <subfield code="y">BK</subfield>
  </datafield>
</record>
